000 00451cas4a220014500 4500
001 zam00003825
008 951212n xx eng u
035 _a(Sirsi) r21139
050 _aHC511.E1A35
245 _aEAST AFRICAN REPORT ON TRADE AND INDUSTRY.
260 _aNairobi
_b News Publishers
_c 1970
362 _aVol. 1, No. 4, 1970 - Vol. 19, No. 204, 1987
520 _aIt contains articles on commerce and industry.
650 _aBusiness.
999 _c10207
_d10207